Normal view
MARC view
Entry Personal Name
001 - CONTROL NUMBER
- control field: 306619
003 - CONTROL NUMBER IDENTIFIER
- control field: DLC
005 - DATE AND TIME OF LATEST TRANSACTION
- control field: 20240108160526.0
008 - FIXED-LENGTH DATA ELEMENTS
- fixed length control field: 080724n| azannabbn |n aaa c
010 ## - LIBRARY OF CONGRESS CONTROL NUMBER
- LC control number: no2008114120
035 ## - SYSTEM CONTROL NUMBER
- System control number: (OCoLC)oca07843104
040 ## - CATALOGING SOURCE
- Original cataloging agency: TxCM
- Language of cataloging: eng
- Transcribing agency: TxCM
- Modifying agency: DLC
- Modifying agency: MY-SjTCS
- Description conventions: rda
046 ## - SPECIAL CODED DATES
- Birth date: 1968-04-05
- Source of date scheme: edtf
100 1# - HEADING--PERSONAL NAME
- Personal name: Koç, Muammer,
- Dates associated with a name: 1968-
374 ## - OCCUPATION
- Occupation: College teachers
- Source of term: lcsh
375 ## - GENDER
- Gender: male
377 ## - ASSOCIATED LANGUAGE
- Language code: eng
670 ## - SOURCE DATA FOUND
- Source citation: Hydroforming for advanced manufacturing, 2008:
- Information found: t.p. (Muammer Koç) p. 4 of cover (Director of the NSFI/UCRC Center for Precision Forming and associate professor in the Department of Mechanical Engineering at the Virginia Commonwealth University (VCU), USA)
670 ## - SOURCE DATA FOUND
- Source citation: OCLC, July 24, 2008
- Information found: (hdg.: Koc, Muammer, 1968- ; usage: Muammer Koc)
670 ## - SOURCE DATA FOUND
- Source citation: Modern manufacturing processes, 2019
- Information found: ECIP t.p. (Muammer Koc) data view (b. April 5, 1968)